000 004400000a22001810004500
003 MACL
005 20150707162130.0
008 150707b xxu||||| |||| 00| 0 eng d
040 _aMACL
_cMACL
041 _aEnglish
082 _a307/SIN
100 _aSingh, K.S.
_9560
245 _aMaharashtra
_bPart One Vol. XXX
260 _aMumbai
_bPopular Prakashan Pvt.
_c2004
350 _a1602
650 _aSociology
_919
942 _cBK
_k307
_2ddc
999 _c2507
_d2507